[Event "Fall Chess Classic-B 2019"]
[Site "Saint Louis"]
[Date "2019.09.13"]
[Round "4.3"]
[White "Fier, Alexandr"]
[Black "Quesada Perez, Yasser"]
[Result "0-1"]
[WhiteElo "2549"]
[BlackElo "2572"]
[Annotator "TA"]
[PlyCount "116"]
[EventDate "2019.09.10"]
[EventType "tourn"]
[EventCountry "USA"]
[SourceTitle "playchess.com"]
[Source "ChessBase"]
[SourceQuality "1"]

{[%evp 18,116,33,31,35,31,35,34,41,34,43,14,33,36,23,0,0,-12,0,-10,0,0,12,2,8,0,0,0,0,-18,0,0,0,0,0,-22,-10,-36,-16,-43,-36,-43,0,-43,-39,-46,-39,-44,0,-46,-42,-46,-33,-65,-45,-33,-37,-97,-90,-87,-32,-32,-32,-74,-80,-80,-32,-32,-32,-32,-32,-32,-32,-32,-32,-32,-32,-72,-56,-70,-58,-64,-63,-52,-56,-105,-31,-206,-203,-229,-197,-497,-474,-5275,-5593,-29972,-29975,-29973,-29974,-29976,-29976]} 1. c4 e5 2. Nc3 Nc6 3. g3 g6 4. Bg2 Bg7 5. e4 d6 6. Nge2 f5 7. d3 Nf6 8. O-O O-O 9. Nd5 Ne7 10. Nxf6+ Bxf6 {A26: English Opening vs King's Indian with ...Nc6 and d3} 11. Bh6 Bg7 (11... Rf7 12. Qd2 c6 13. d4 fxe4 14. Bxe4 Bg4 15. dxe5 Bxe5 16. Nc3 Nf5 17. Bxf5 Bxf5 18. Rfe1 Qf6 19. Bg5 Qg7 20. Bh6 Qf6 21. Bg5 Qg7 22. Bh6 Qf6 {½-½ (22) Bai,J (2556)-Xu,X (2549) Shenzhen 2017}) 12. Bxg7 Kxg7 {White is slightly better.} 13. exf5 Nxf5 14. d4 c6 $146 ({Predecessor:} 14... Nxd4 15. Nxd4 exd4 16. Qxd4+ Qf6 17. Qd2 Bg4 18. Rae1 Rae8 19. Re3 b6 20. Rfe1 {½-½ (20) Dearnley,A (2368)-Moiseev,S (2436) ICCF email 2015}) 15. dxe5 dxe5 16. Qxd8 Rxd8 17. Rad1 Be6 18. b3 Rxd1 (18... Nd4 {keeps more tension.} 19. Nc3 Bf5 20. Be4 Rd7 21. Kg2 Be6) 19. Rxd1 Re8 20. Nc3 h6 21. h3 Nd4 22. Ne4 Rd8 {[#] White must now prevent ...Ne2+.} 23. Kf1 Bf5 24. c5 Bxe4 25. Bxe4 $11 {[%mdl 4096] Endgame KRB-KRN} a5 26. a3 g5 27. Kg2 Kf6 28. Rd3 Ke7 29. Re3 Kf6 30. Rd3 Ra8 31. Kf1 Ke7 32. Re3 Kf6 33. Rd3 Rb8 34. Ke1 Ke6 35. Rc3 Nb5 36. Rd3 Ke7 37. a4 (37. Kf1 $15) 37... Nd4 $17 38. Rc3 b6 ({Black should try} 38... Rf8 $17) 39. cxb6 $15 Kd6 40. Bd3 Rxb6 41. Bc4 Rb8 42. Bf7 Rf8 43. Bh5 $1 c5 44. Bd1 e4 45. Kf1 Kd5 46. Kg2 Rf6 47. Bh5 Nc6 48. f3 Ne5 49. fxe4+ Kd4 50. Rc1 Rb6 51. Bd1 Rb4 (51... Nd3 $17 52. Rc4+ Ke3) 52. h4 $2 (52. Rc2 $1 $15) 52... Nd3 $19 53. Ra1 {[#]} gxh4 $1 54. Bc2 $2 (54. gxh4 {might work better.} Kc3 55. Ra2) 54... c4 55. Bxd3 (55. Rh1 $142 cxb3 56. Bxb3 Rxb3 57. Rxh4) 55... cxd3 56. gxh4 d2 {Black mates.} 57. Kf3 Kd3 58. e5 Re4 {Accuracy: White = 40%, Black = 52%.} 0-1

[Event "Fall Chess Classic-B 2019"]
[Site "Saint Louis"]
[Date "2019.09.13"]
[Round "4.4"]
[White "Grigoryan, Avetik"]
[Black "Hakobyan, Aram"]
[Result "1/2-1/2"]
[WhiteElo "2568"]
[BlackElo "2550"]
[Annotator "TA"]
[PlyCount "65"]
[EventDate "2019.09.10"]
[EventType "tourn"]
[EventCountry "USA"]
[SourceTitle "playchess.com"]
[Source "ChessBase"]
[SourceQuality "1"]

{[%evp 10,65,37,31,39,8,13,4,16,0,6,0,23,9,18,14,25,-7,13,13,10,10,20,0,15,0,18,34,28,8,15,34,85,24,20,22,24,20,29,13,11,-58,5,10,8,8,23,8,73,81,83,34,59,41,12,0,0,0]} 1. e4 c6 2. d4 d5 3. exd5 cxd5 4. Bd3 Nc6 5. c3 g6 6. Nf3 Bf5 {B13: Caro-Kann: Exchange Variation and Panov-Botvinnik Attack} 7. Be2 $146 ({Predecessor:} 7. O-O Bxd3 8. Qxd3 Bg7 9. Re1 Nf6 10. Bf4 O-O 11. Nbd2 Nh5 12. Be3 f5 13. Nb3 Qd6 14. a4 {1-0 (40) Demchenko,A (2671)-Janik,I (2483) Teplice 2019}) 7... Nf6 8. O-O Qc7 9. Na3 a6 10. Nc2 {[%cal Ba3c2,Bc2e1,Be1d3,Bd3e5][%mdl 32]} Bg7 11. Nce1 O-O 12. h3 b5 13. g4 Bd7 14. Nd3 Ne4 15. Bf4 $36 {[%mdl 2048] White is pushing.} Qb6 16. Nfe5 Nxe5 17. Nxe5 Rfd8 18. Bf3 Be8 19. Qe2 Rac8 20. a3 Qf6 (20... g5 $14 21. Be3 e6) 21. Bh2 ({White should try} 21. Nd3 $16) 21... Qh4 $11 22. Bg2 a5 23. Nd3 e6 24. f3 Nd6 25. Be5 (25. Bf4 $11) 25... Bf8 (25... Bxe5 $1 $15 26. dxe5 Nc4) 26. Kh2 Nc4 27. Bg3 Qf6 28. Qf2 Rd7 (28... Be7 $11) 29. f4 $16 Nd6 30. Nc5 Ra7 31. Bh4 Qg7 32. Qe2 Bc6 33. Rf2 {Accuracy: White = 40%, Black = 41%.} 1/2-1/2

[Event "Fall Chess Classic-B 2019"]
[Site "Saint Louis"]
[Date "2019.09.13"]
[Round "4.5"]
[White "Petrosyan, Manuel"]
[Black "Shtembuliak, Evgeny"]
[Result "1/2-1/2"]
[WhiteElo "2613"]
[BlackElo "2548"]
[Annotator "TA"]
[PlyCount "68"]
[EventDate "2019.09.10"]
[EventType "tourn"]
[EventCountry "USA"]
[SourceTitle "playchess.com"]
[Source "ChessBase"]
[SourceQuality "1"]

{[%evp 22,68,54,42,34,40,55,20,41,49,44,0,0,0,-10,-6,-2,-6,0,0,0,0,0,0,0,0,5,4,22,0,40,-18,-17,-12,-13,-20,-16,-50,-20,-21,0,0,6,0,0,0,148,137,189]} 1. d4 d6 2. Nf3 g6 3. c4 Bg7 4. Nc3 Nf6 5. e4 O-O 6. Be2 Bg4 7. Be3 Nfd7 8. Ng1 Bxe2 9. Ngxe2 e5 10. O-O Nc6 11. d5 Ne7 12. b4 f5 {E91: King's Indian: Classical: 6 Be2, unusual replies including 6...c5 and 6...Bg4} 13. f3 Nf6 (13... f4 14. Bf2 g5 15. c5 Nf6 16. Rc1 a6 17. Na4 g4 18. cxd6 cxd6 19. Nb6 Rb8 20. Qc2 {1-0 (49) Santiago,Y (2427)-Pichot,A (2550) Buenos Aires 2016}) 14. Nc1 c6 $146 {The position is equal.} ({Predecessor:} 14... Kh8 15. Nb3 Qd7 16. Nd2 Neg8 17. Kh1 Nh5 18. c5 Bh6 19. Bf2 Ngf6 20. Nc4 fxe4 21. Nxe4 Nxe4 22. fxe4 {0-1 (27) Gailiunaite,S (1804)-Savina,A (2363) Novi Sad 2016}) 15. dxc6 bxc6 16. Nb3 (16. Nd3 $14) 16... d5 $11 17. cxd5 cxd5 18. exd5 Nexd5 19. Nxd5 Nxd5 20. Bc5 Rf7 21. Qd2 Rd7 22. Rad1 e4 23. a3 Qe8 24. fxe4 fxe4 25. Bd4 Rad8 26. Bxg7 (26. Nc5 $14 Bxd4+ 27. Qxd4) 26... e3 $1 {[%cal Re3d2]} 27. Qe2 Kxg7 28. Nc5 Re7 29. Rd3 Re5 30. Qb2 Kh6 31. Rd4 {Threatening Rh4+.} g5 32. h4 {[#] Hoping for hxg5+.} e2 33. Re1 Qe7 (33... Nf4 $1 $11) 34. Qd2 $16 {And now Ne4! would win.} Rf8 {Accuracy: White = 60%, Black = 56%.} (34... Kh5 $16 35. hxg5 Kg6) 1/2-1/2

[Event "Fall Chess Classic-B 2019"]
[Site "Saint Louis"]
[Date "2019.09.14"]
[Round "5.1"]
[White "Shtembuliak, Evgeny"]
[Black "Zierk, Steven"]
[Result "1/2-1/2"]
[WhiteElo "2548"]
[BlackElo "2517"]
[Annotator "TA"]
[PlyCount "110"]
[EventDate "2019.09.10"]
[EventType "tourn"]
[EventCountry "USA"]
[SourceTitle "playchess.com"]
[Source "ChessBase"]
[SourceQuality "1"]

{[%evp 9,110,22,25,21,0,28,22,10,30,25,26,24,13,7,35,32,46,36,34,0,25,-3,46,37,37,35,116,108,146,137,135,99,709,684,714,712,712,689,636,198,1170,169,159,177,168,154,172,175,168,161,150,164,152,127,150,68,65,62,77,70,91,89,110,87,78,77,117,103,102,90,83,73,106,108,177,180,175,122,114,75,83,83,102,33,33,33,33,33,33,33,33,33,39,0,38,20,20,20,20,20,20,20,187]} 1. c4 e5 2. g3 c6 3. Nf3 e4 4. Nd4 d5 5. cxd5 Qxd5 6. Nc2 {A20: English Opening: 1...e5} Nf6 7. Nc3 Qe5 (7... Qh5 8. Ne3 Bc5 9. Qc2 Qe5 10. Bg2 Bxe3 11. fxe3 Bf5 12. b4 O-O 13. Bb2 {1-0 (41) Aronian,L (2801)-Papaioannou,I (2652) Heraklio 2017}) 8. Bg2 Bc5 9. b4 Bb6 10. Bb2 Qe7 $146 ({Predecessor:} 10... O-O 11. Ne3 Qe7 12. Qc2 Bxe3 13. fxe3 {½-½ (35) Wieczorek,O (2469)-Bartel,M (2360) Poland 2018}) 11. Na4 Bf5 12. Nxb6 axb6 13. Ne3 Bg6 14. Qb3 O-O 15. g4 Rd8 16. h4 $1 $36 {[%cal Rh4h5][%mdl 2048] Hoping for h5. White has the initiative.} h5 $1 17. Bh3 Na6 ({Black should try} 17... Nbd7 $14) 18. Rg1 $1 $16 Kh7 19. gxh5 Nxh5 20. Bg4 {And now Bxh5 would win.} Nf4 $2 {[%mdl 8192] [#]} (20... Rg8 $16) 21. h5 $1 $18 {[%mdl 512]} Bxh5 (21... Nxh5 22. Bxh5) 22. Bxh5 ({Not} 22. Bf5+ g6 $11) 22... Nxh5 23. Nf5 $1 {[%csl LRe7,LRg7][%cal Rf5e7]} Qd7 {[#]} 24. Qh3 $1 {[%mdl 512]} Qxd2+ ({Don't go for} 24... g6 $2 {[#]} 25. Qxh5+ $1 {[%mdl 512]} gxh5 26. Rg7+ Kh8 27. Rxf7+ Qd4 28. Bxd4+ $18) 25. Kf1 g6 26. Bc3 Rd3 27. Qxd3 $1 exd3 28. Bxd2 gxf5 29. Rg5 Ng7 30. exd3 Nc7 31. Bc3 Nce6 32. Rg3 ({Better is} 32. Rg1 $16) 32... Nh5 $1 $14 {[%cal Rh5g3]} 33. Re3 Nef4 34. Bb2 Rd8 35. Rd1 Nd5 36. Rh3 Kg6 37. a3 c5 38. bxc5 bxc5 39. Ke1 Ndf4 40. Rf3 c4 {[%cal Rd8d3]} 41. Kd2 ({Of course not} 41. dxc4 $6 Ng2+ 42. Kf1 Rxd1+ $11) 41... Nxd3 (41... f6 $16 42. Bc3 Rd5) 42. Rg1+ $18 Kh6 {Strongly threatening ...Ne5+.} 43. Rxf5 (43. Kc2 $18 Re8 44. Rxf5 Re2+ {[%mdl 64] Double Attack} 45. Kc3) 43... Nxb2+ $16 44. Kc2 Nd3 45. Rh1 Kg6 46. Rfxh5 {[%mdl 4096] Endgame KRR-KRN} (46. Rhxh5 $16 {Threatens to win with Rhg5+.} f6 47. Rb5) 46... Ra8 $1 $14 47. Rh6+ Kg7 48. Rh7+ Kg6 49. R1h6+ Kg5 50. Rh5+ Kg6 51. R5h6+ Kg5 52. Rb6 f5 {The position is equal.} 53. Rg7+ Kf4 54. Rc7 Rxa3 55. Rxc4+ Ke5 $2 {Accuracy: White = 60%, Black = 57%.} (55... Kg5 $11 {and Black has nothing to worry.}) 1/2-1/2

[Event "Fall Chess Classic-B 2019"]
[Site "Saint Louis"]
[Date "2019.09.14"]
[Round "5.2"]
[White "Hakobyan, Aram"]
[Black "Petrosyan, Manuel"]
[Result "1/2-1/2"]
[WhiteElo "2550"]
[BlackElo "2613"]
[Annotator "TA"]
[PlyCount "63"]
[EventDate "2019.09.10"]
[EventType "tourn"]
[EventCountry "USA"]
[SourceTitle "playchess.com"]
[Source "ChessBase"]
[SourceQuality "1"]

{[%evp 15,63,21,36,-14,-14,-17,-7,-29,14,5,15,10,6,9,8,0,0,0,0,0,16,19,19,4,12,0,22,0,0,0,0,0,0,0,0,0,0,0,0,0,0,0,0,0,0,0,0,-2,0,-27]} 1. e4 e5 2. Nf3 Nc6 3. Bc4 Nf6 4. d3 Bc5 5. c3 d6 6. Nbd2 {[%cal Bb1d2,Bd2f1,Bf1g3,Bg3f5][%mdl 32]} O-O 7. h3 a6 8. Bb3 Be6 9. Nf1 {C54: Giuoco Piano: 4 c3 Nf6, main lines with 5 d4 and 5 d3} (9. Bc2 d5 10. Qe2 h6 11. g4 Nh7 12. Rg1 d4 13. Nb3 Be7 14. Nxe5 Nxe5 15. Nxd4 c5 16. Nf5 Kh8 {1-0 (35) Duda,J (2678)-Eljanov,P (2741) Germany 2017}) 9... Bxb3 10. axb3 {[%cal Ba2b3,Bb3b4][%mdl 32]} d5 11. Qe2 dxe4 12. dxe4 {The position is equal.} Qd7 13. b4 $146 ({Predecessor:} 13. Ng3 Kh8 14. O-O Rad8 15. Bg5 Qd3 16. Bxf6 gxf6 {1-0 (49) Brady,S (2336)-Butler,K (2064) Dublin 2018}) 13... Bb6 14. Ng3 h6 15. Nh2 Rad8 16. Ng4 Nxg4 17. hxg4 Qd3 18. Nf5 Rfe8 19. Rh3 Qxe2+ $1 20. Kxe2 Ne7 21. Ne3 Bxe3 22. Bxe3 Nc8 23. f3 Nd6 24. Rhh1 f6 25. Rad1 Kf7 26. Rd5 Nc4 27. Rxd8 Rxd8 28. Bc1 Nd6 29. Be3 Nc4 30. Bc1 Nd6 31. g3 Ra8 32. Kd3 {Accuracy: White = 57%, Black = 75%.} 1/2-1/2

[Event "Fall Chess Classic-B 2019"]
[Site "Saint Louis"]
[Date "2019.09.14"]
[Round "5.3"]
[White "Quesada Perez, Yasser"]
[Black "Grigoryan, Avetik"]
[Result "1-0"]
[WhiteElo "2572"]
[BlackElo "2568"]
[Annotator "TA"]
[PlyCount "115"]
[EventDate "2019.09.10"]
[EventType "tourn"]
[EventCountry "USA"]
[SourceTitle "playchess.com"]
[Source "ChessBase"]
[SourceQuality "1"]

{[%evp 10,114,6,6,6,4,3,3,9,2,8,-13,-9,-60,-51,-54,-51,-83,-83,-112,-70,-88,-47,-54,-51,-44,-42,-33,-18,-26,-13,-18,-7,-18,-4,-11,-8,-10,14,-8,12,17,17,27,31,19,18,35,19,16,27,17,23,22,48,45,47,28,20,41,52,0,57,52,52,13,24,32,21,0,0,0,0,2,27,28,34,40,39,-51,-22,-57,-37,-81,0,0,15,0,0,-158,-171,-180,-186,-94,0,0,0,0,0,0,29994,29995,29997,29998,29998,29999,29999]} 1. e4 c5 2. Nc3 Nc6 3. Bb5 Nd4 4. Nf3 e6 5. O-O a6 6. Bd3 Nc6 {B30: Sicilian: 2...Nc6 3 Bb5, lines without ...g6} 7. b3 d6 8. Bb2 Nf6 {The position is equal.} 9. Re1 Nd7 10. Ne2 $146 ({Predecessor:} 10. Bf1 Nde5 11. d3 Nxf3+ 12. Qxf3 Be7 13. Ne2 e5 14. c3 {½-½ (39) Hou,Y (2666)-Gelfand,B (2728) Geneva 2017}) 10... Nde5 11. Nc1 (11. Nxe5 $11 dxe5 12. Ng3) 11... Nxd3 $15 12. Nxd3 e5 13. c3 g5 14. Kh1 Bg7 (14... h5 {feels hotter.} 15. Nc1 h4 16. Ng1 h3 17. gxh3 Qf6) 15. Ng1 $1 O-O 16. f3 f5 17. exf5 Bxf5 18. Nf2 Qd7 19. Ne2 Rae8 20. Ng3 Bg6 21. c4 Rf7 22. Nge4 h6 23. d3 Ref8 24. Qd2 Nd4 25. Bxd4 exd4 26. b4 Qc7 27. Qb2 Re8 28. Rab1 Re6 29. Qa3 Bf8 30. b5 axb5 31. Rxb5 Re8 32. Reb1 Bf5 33. Qa5 Qxa5 34. Rxa5 Kg7 35. Ra7 ({White should try} 35. Kg1 $14) 35... Bc8 (35... b5 $11 36. Rxf7+ Kxf7) 36. h3 Rd7 37. Ra8 Rc7 38. Rb6 Rc6 39. Rxc6 bxc6 40. Ng4 Be7 41. Ra7 {Strongly threatening Nxd6.} Kg6 42. Rc7 h5 43. Ngf2 Kf5 44. Rxc6 (44. Ng3+ $14 Kg6 45. Rxc6) 44... Kf4 $1 45. Rb6 Bf5 46. Kg1 g4 (46... Bxe4 $1 $17 47. Nxe4 (47. fxe4 g4 $11) 47... Ra8) 47. fxg4 $11 hxg4 48. g3+ Ke3 49. Rb1 $2 (49. hxg4 $11 Bxe4 50. dxe4) 49... gxh3 $17 50. Re1+ Kf3 51. g4 (51. Nd2+ $19 Kxg3 52. Nfe4+ Kf4 53. Rf1+ Kg4 54. Kh2) 51... Bg6 ({Better is} 51... h2+ $17 52. Kxh2 Bg6) 52. Nd2+ $1 $11 Kg3 {...h2+ is the strong threat.} 53. Nf1+ $1 Kf3 {Threatens to win with ...Bh4!} (53... Kh4 $5 54. Re6 $8 Bf7 55. Rh6+ Kg5 56. Rxh3 Be6 $11) 54. Re6 {[#]} Bf7 $2 {[%mdl 8192] [#]} (54... Bh4 $1 $11 {[%mdl 512]} 55. Nh2+ Kf4 56. Rxg6 Re1+ 57. Nf1 h2+ 58. Kg2 Re2 {[%mdl 64] Double Attack} 59. Nxh2 Rxf2+ 60. Kh3 Re2) 55. Re4 $1 {White mates.} Bg5 56. Nh2+ Kg3 57. Nh1+ Kh4 58. Nf3# {Accuracy: White = 57%, Black = 57%.} 1-0

[Event "Fall Chess Classic-B 2019"]
[Site "Saint Louis"]
[Date "2019.09.14"]
[Round "5.4"]
[White "Kadric, Denis"]
[Black "Fier, Alexandr"]
[Result "1-0"]
[WhiteElo "2558"]
[BlackElo "2549"]
[Annotator "TA"]
[PlyCount "119"]
[EventDate "2019.09.10"]
[EventType "tourn"]
[EventCountry "USA"]
[SourceTitle "playchess.com"]
[Source "ChessBase"]
[SourceQuality "1"]

{[%evp 9,119,0,8,0,12,5,16,18,18,29,24,10,22,21,31,30,39,49,70,73,63,50,140,123,125,127,161,161,151,156,170,162,170,163,160,160,163,164,172,162,158,150,155,161,160,142,143,145,165,155,143,121,121,121,143,101,102,77,77,80,81,57,58,58,122,100,100,101,135,102,273,267,302,302,289,293,217,184,952,945,832,340,867,821,849,818,747,203,180,0,388,675,1119,15,425,1278,1278,1278,1264,1264,29982,29983,29983,29984,29987,29988,29988,29989,29989,29982,29982,287]} 1. e4 c5 2. Nc3 Nc6 3. Bb5 Nd4 4. Nf3 Nxb5 5. Nxb5 a6 (5... d6 6. d4 Nf6 7. Qd3 a6 8. Nc3 cxd4 9. Nxd4 e6 10. Bg5 Be7 11. O-O-O Qc7 12. f4 b5 13. a3 O-O 14. h4 {½-½ (31) Safarli,E (2681)-Tabatabaei,M (2590) Bandar e Anzali 2019}) 6. Nc3 {B23: Closed Sicilian: Lines without g3} b5 7. d4 cxd4 8. Qxd4 {The position is equal.} e6 $1 9. Bf4 Bb7 10. O-O-O Nf6 11. Rhe1 Be7 12. Bd6 Bxd6 $146 ({Predecessor:} 12... O-O 13. Ne5 {½-½ (47) Plaskett,H (2497)-Mikkelsen,N (2417) Palma de Mallorca 2013}) 13. Qxd6 Rc8 14. Nd4 {Strongly threatening Nf5!} g6 15. e5 $40 {[%mdl 128] White has some attack.} Ng4 (15... Ng8 $14) 16. f3 Nh6 17. Ne4 {Intending Nf6+ and mate.} Bxe4 18. Rxe4 Nf5 19. Nxf5 gxf5 20. Red4 a5 21. R1d2 b4 22. Qxd7+ Qxd7 23. Rxd7 $16 {[%mdl 4096] Endgame KRR-KRR} O-O 24. f4 Rc4 25. R7d4 Rc5 26. b3 Kg7 27. Rd8 Rxd8 28. Rxd8 {KR-KR} h5 29. Rd6 h4 30. Rd3 Rc8 31. Rh3 Rh8 32. c4 bxc3 33. Kc2 f6 34. exf6+ Kxf6 35. Rxc3 Rg8 36. g3 Ke7 ({Black should play} 36... e5 $1 $14) 37. Rd3 ({Don't play} 37. gxh4 $6 Rg2+ 38. Kd3 Rxh2 $11) 37... Rc8+ 38. Kb2 Rb8 39. a3 hxg3 $2 (39... a4 $16) 40. hxg3 $18 ({Inferior is} 40. Rxg3 Rh8 $11) 40... Rb5 41. Kc3 $1 Rc5+ {[#]} 42. Kd4 $1 {[%cal Rd4c5]} Kd6 43. b4 axb4 $2 (43... Rc1 44. bxa5 Rc5) 44. axb4 Rc1 45. Ra3 (45. b5 $142 Re1 46. Kc4+ Kc7 47. Kc5) 45... Rd1+ $2 {[#]} (45... Rb1 46. Kc4 Re1) 46. Kc4 $1 Re1 47. Kb5 Kc7 48. Ra7+ $2 (48. Ka6 e5 49. Rc3+ Kb8 50. Kb5) 48... Kd6 49. Ra3 $2 (49. Ra6+ Kd5 50. Ra3) 49... Kc7 $1 50. Ka6 e5 51. b5 $2 ({White must play} 51. fxe5 $18 {Black must now prevent Rc3+.} Rxe5 52. b5) 51... Kb8 $2 {[%mdl 8192]} (51... exf4 $1 $11 {and Black has nothing to worry.} 52. Rc3+ (52. gxf4 Re4 $16) 52... Kb8) 52. fxe5 Rxe5 53. Rf3 Re6+ 54. b6 Rf6 {[#]} 55. g4 $1 {[%mdl 512] White mates.} f4 (55... fxg4 56. Rxf6) 56. g5 Rf8 57. g6 Kc8 58. g7 Rg8 59. Rxf4 Rxg7 60. Rf8+ {Accuracy: White = 70%, Black = 42%.} 1-0

[Event "Fall Chess Classic-B 2019"]
[Site "Saint Louis"]
[Date "2019.09.14"]
[Round "5.5"]
[White "Mikhalevski, Victor"]
[Black "Hambleton, Aman"]
[Result "1-0"]
[WhiteElo "2578"]
[BlackElo "2492"]
[Annotator "TA"]
[PlyCount "99"]
[EventDate "2019.09.10"]
[EventType "tourn"]
[EventCountry "USA"]
[SourceTitle "playchess.com"]
[Source "ChessBase"]
[SourceQuality "1"]

{[%evp 27,99,64,83,84,97,32,34,30,39,18,12,27,38,23,27,24,24,20,25,8,22,9,18,0,0,0,58,54,49,0,0,0,0,0,41,-246,-272,-499,-128,-135,-79,-76,-80,-62,-66,-113,-68,-173,-24,-31,0,-64,-59,-82,-72,-92,0,0,0,0,0,0,992,1014,29974,29975,29974,29975,29977,29978,29976,29962,6395,5706]} 1. c4 c5 2. g3 e6 3. Nf3 b6 4. Bg2 Bb7 5. O-O Nf6 6. Nc3 a6 7. Re1 d6 8. e4 Be7 9. d4 cxd4 10. Nxd4 Qc7 11. Be3 O-O 12. Rc1 Nbd7 13. f4 Rfe8 14. g4 Nc5 {[%cal Rf6e4]} 15. Bf2 {Strongly threatening g5. A30: Symmetrical English: Double Fianchetto and Hedgehog} g6 16. Bg3 $146 (16. e5 $16 dxe5 17. fxe5) ({Predecessor:} 16. b4 Rad8 17. Qe2 Ncd7 18. Bf3 h6 19. h4 Bf8 20. g5 Nh7 21. Be3 Rc8 22. Qd2 hxg5 23. hxg5 {1-0 (38) Sipos,I (2460)-Motuz,K (2425) Slovakia 2017}) 16... e5 $14 17. fxe5 {White is slightly better.} dxe5 18. Nd5 Nxd5 19. cxd5 Bd6 20. Nc2 Qe7 21. Ne3 b5 22. Rf1 Rac8 23. Rc2 Nd7 24. Rcf2 Bc5 25. Rf3 Rf8 26. Kh1 Rcd8 ({Black should try} 26... Bd4 $11) 27. Qe1 f6 28. g5 fxg5 29. Bh3 $1 {[%cal Rh3e6] aiming for Be6+.} Rf4 30. Be6+ Kg7 (30... Kh8 $5 {[%cal Rf4e4]} 31. Bxf4 gxf4 $11) 31. Rxf4 $4 {[%mdl 8192]} (31. b4 $14 {stays ahead.} Bd6 32. Qa1) 31... exf4 $19 ({And not} 31... gxf4 32. Bh4 $16) 32. Ng4 $2 (32. Bf2 fxe3 33. Bxe3 Bxe3 34. Rf7+ Qxf7 35. Bxf7) 32... Nf6 $2 (32... h5 $19 {and Black stays clearly on top.} 33. Rxf4 gxf4) 33. Qc3 $17 Bd4 (33... Bb4 $142 34. Qe5 h5 35. Nxf6 Qxf6 36. Qc7+ Qe7) 34. Qxd4 Qxe6 $1 {[%mdl 64] Double Attack, Pin} 35. Nxf6 Qxf6 36. Qd3 Qe7 (36... Qxb2 $2 37. Bf2 $19) 37. Be1 ({White has to play} 37. Bf2 $15) 37... h5 (37... Re8 $19 38. Bc3+ Kg8) 38. Bc3+ Kh6 39. Qd4 (39. h4 $1 $11) 39... Re8 $15 40. Kg1 h4 41. h3 b4 ({Better is} 41... a5 $17 {White must now prevent ...b4.} 42. a3 Bc8) 42. Bxb4 $11 Qd7 43. Rf3 $36 {[%mdl 2048] White is pushing.} Kh5 44. Qf6 {Bf8 is the strong threat.} Qh7 $2 {[%mdl 8192] [#]} (44... Bc8 $11) 45. Rc3 $1 $18 Bc8 {[#]} 46. Rxc8 $1 {[%mdl 512]} Rxc8 47. Be7 {[%csl Ge7][%cal Rf6g5]} Qh6 48. d6 Rc1+ 49. Kf2 Rc2+ 50. Ke1 {Accuracy: White = 52%, Black = 42%.} 1-0

[Event "Fall Chess Classic-B 2019"]
[Site "Saint Louis"]
[Date "2019.09.15"]
[Round "6.1"]
[White "Zierk, Steven"]
[Black "Hambleton, Aman"]
[Result "1-0"]
[WhiteElo "2517"]
[BlackElo "2492"]
[Annotator "TA"]
[PlyCount "87"]
[EventDate "2019.09.10"]
[EventType "tourn"]
[EventCountry "USA"]
[SourceTitle "playchess.com"]
[Source "ChessBase"]
[SourceQuality "1"]

{[%evp 11,227,154,156,131,224,225,226,229,229,217,228,219,218,222,248,222,226,213,228,225,234,216,218,222,212,213,238,232,300,205,206,200,195,199,198,198,203,198,216,216,216,204,216,216,216,188,192,193,197,190,185,140,199,179,189,153,207,166,214,214,214,214,214,214,214,214,214,214,258,258,258,258,258,258,257,256,149,134,175,175,344,344,344,344,344,343,331,177,185,166,172,177,177,175,177,163,177,176,168,162,155,82,114,114,114,114,114,114,117,0,121,0,124,102,107,78,107,68,114,114,420,420,420,420,805,795,790,672,737,420,420,420,774,752,724,697,643,576,539,531,531,460,1327,1327,1312,1327,1284,1347,1349,1349,1349,1349,1341,1334,1334,1327,1320,1320,1320,1312,1312,1210,1029,1007,1312,1312,1312,1285,526,524,1241,1241,1210,1136,1034,1020,1014,1001,5101,5101,5089,1011,997,964,927,826,588,47,5101,5101,5101,5101,5093,5093,5086,5065,29968,29969,29972,29973,29973,29974,29968,29972,5086,5079,5057,588,5086,5079,29985,29986,29986,29987,29987,29988,29998,29999]} 1. d4 e5 2. dxe5 Nc6 3. Nf3 Qe7 4. Bf4 Qb4+ 5. Bd2 Qxb2 6. Nc3 Bb4 7. Rb1 {A40: Unusual replies to 1 d4} Qxc3 (7... Qa3 $16 8. Nd5 Ba5) (7... Qa3 8. Nd5 Ba5 9. Rb5 Bxd2+ 10. Qxd2 Kd8 11. Ng5 Nh6 12. Ne4 Re8 13. f4 a6 14. Rb3 Qxa2 {1-0 (58) Wiacek,K (2469)-Lykke,H (2465) ICCF email 2002}) 8. Bxc3 $18 Bxc3+ 9. Nd2 {White is clearly better.} Bxe5 10. e3 Nf6 $146 ({Predecessor:} 10... d5 11. Bb5 a6 12. Bxc6+ bxc6 13. Qh5 Bf6 14. O-O Nh6 15. e4 Bg4 16. Qxg4 Nxg4 {0-1 (16) Ferguson,J-Bowser,J Davis 2019}) 11. Bb5 O-O 12. O-O d5 13. Nf3 {And now Bxc6 would win.} Bd6 14. c4 Ne7 15. cxd5 Nexd5 16. Qb3 Nb6 17. Qc2 a6 18. Bd3 Re8 19. Ng5 g6 20. Ne4 Nxe4 21. Bxe4 {Threatens to win with Rfd1.} Rb8 22. Rfd1 Nd7 23. Rbc1 Nc5 24. Bd5 Be6 25. Bxe6 Rxe6 26. h4 h5 27. Rd5 b6 28. Rcd1 Rbe8 29. R1d4 Ne4 30. Rc4 Nf6 31. Rdd4 R8e7 (31... c5 $16 32. Rd1 Ng4) 32. Qd1 Kg7 33. Kf1 a5 (33... b5 $16 {was worth a try.} 34. Rc2 Ng4) 34. Rc6 Ne4 35. Qc2 Kh7 36. g3 Kg7 37. Kg2 Kg8 38. f3 Nc5 39. e4 f5 40. Rdxd6 $1 cxd6 41. Rc8+ ({Resist} 41. Rxb6 $6 fxe4 42. fxe4 Nxe4 $16) 41... Kf7 42. Qc1 fxe4 43. Qf4+ Rf6 {[#]} 44. Qh6 {Played: Rc8-f8} 1-0